Criminal Jurisdiction of Securities Market Panacea to Delayed Market Justice /

Bibliographic Details
Main Author: Bolarinwa, Levi
Format: eBook
Language:English
Published: Abuya: Lambert Academic Publishing, 2019
Subjects:
Online Access:Acceso restringido

MARC

LEADER 00000nam a22000007a 4500
005 20190920001926.0
007 cr|||| ||||
008 190920s2019 ng |||||s|||| 00||0 eng d
020 |a 9786139472161 
035 |a 29818 
040 |a vLex 
090 |c 9605  |d 9605 
100 1 |a Bolarinwa, Levi 
245 1 0 |a Criminal Jurisdiction of Securities Market  |h [Recurso electrn̤ico] :  |b Panacea to Delayed Market Justice /  |c Levi Bolarinwa 
256 |a Servicio en ln̕ea 
260 |a Abuya:  |b Lambert Academic Publishing,  |c 2019 
300 |a 1 recurso electrn̤ico 
500 |a The Investment and Securities Tribunal lacks criminal jurisdiction over securities crimes being constitutional mandate of the Federal High Court. Hence, due to overloaded genre of cases, securities crimes files litter the High Court docket for years with lethal consequences. Hence, this research paper analyzed lacunae in the provisions of Investment and Securities Act 2007 touching criminal jurisdiction of Investment and Securities Tribunal over securities crimes. The paper focused on the identified problems responsible for lacunae as distilled: legislative inertia of the National Assembly, conspiracy of the prosecutorial institutions with politicians to foil criminal jurisdiction status of the IST, conservatism of criminal justice system in the grundnorm, and quasi autonomy of the IST. The research observed that Investment decline weakens the market amidst damning report of the World Bank Index on enforcement of contract in Nigeria. The paper suggests urgent re enactment of IST law with constitutional imprimatur to remedy the problems. 
506 1 |a Disponible solo en los productos indicados  |d vLex Global  |d vLex Global (Academic Edition, excluding Law Schools)  |d vLex Global (U.S. Academic Edition, Law Schools)  |d vLex Global (U.S. Academic Edition, excluding Law Schools)  |d vLex Global (Academic Edition, Law Schools) 
650 0 4 |a Derecho Mercantil y de la Empresa  |z Nigeria 
740 0 |a vLex Libros (Servicio en ln̕ea) 
856 4 0 |u http://vlex.com/source/29818  |z Acceso restringido 
942 |c BOOK 
999 0 |a Commercial and Business Law